000 00319nam a22001217a 4500
008 260505b |||||||| |||| 00| 0 eng d
082 _a001674
100 _aPallani, Yashpal
245 _aThe Karnataka Education Act 1983
260 _aBangalore
_bKarnataka Law Journal Publsihers
_c2023
300 _a1656p
942 _2ddc
999 _c1430
_d1430